000 00383nam a22001577a 4500
003 OSt
005 20240123151353.0
008 190912b xxu||||| |||| 00| 0 eng d
020 _a9781543342741
040 _cIIMT UNIVERSITY
100 _aARORA
245 _aPHARMACEUTICAL ORGANIC CHEMISTRY
260 _aNEW DELHI
_bPEE VEE PUB
_c2019
300 _a396
942 _2ddc
_c01
999 _c49036
_d49036